ბათუმის შოთა რუსთაველის სახელმწიფო უნივერსიტეტის ბიბლიოთეკა

Батумский ботанический сад (ბიბ.ჩანაწერი № 35615)

000 -LEADER
fixed length control field 00685nam a2200217Ia 4500
001 - CONTROL NUMBER
control field 1481
003 - CONTROL NUMBER IDENTIFIER
control field GE_BSU
008 - FIXED-LENGTH DATA ELEMENTS--GENERAL INFORMATION
fixed length control field 181216s||||||||xx |||||||||||||| ||und||
040 ## - CATALOGING SOURCE
Transcribing agency GE_BSU
080 ## - UNIVERSAL DECIMAL CLASSIFICATION NUMBER
Universal Decimal Classification number 635.9(479.223)
100 ## - MAIN ENTRY--PERSONAL NAME
Personal name Шарашидзе,Н.М. Багратишвили,Н.С.
245 ## - TITLE STATEMENT
Title Батумский ботанический сад
245 ## - TITLE STATEMENT
Remainder of title Академии наук Грузинской ССР(Исторический очерк)
260 ## - PUBLICATION, DISTRIBUTION, ETC.
Place of publication, distribution, etc. Батуми
260 ## - PUBLICATION, DISTRIBUTION, ETC.
Name of publisher, distributor, etc. Сабчота Аджара
260 ## - PUBLICATION, DISTRIBUTION, ETC.
Date of publication, distribution, etc. 1988
300 ## - PHYSICAL DESCRIPTION
Extent 77стр. 19см.
653 ## - INDEX TERM--UNCONTROLLED
Uncontrolled term Батумский ботанический сад
942 ## - ADDED ENTRY ELEMENTS (KOHA)
Koha item type წიგნი
ეგზემპლარები
Withdrawn status Lost status Damaged status Not for loan Date acquired Barcode Date last seen Price effective from Koha item type
        2018-12-17 2893 2018-12-17 2018-12-17 წიგნი
        2018-12-17 2894 2018-12-17 2018-12-17 წიგნი
        2018-12-17 2895 2018-12-17 2018-12-17 წიგნი